[Event "Le Touquet op-B 19th"]
[Site "Le Touquet"]
[Date "2004.10.28"]
[Round "6"]
[White "Levers, Christelle"]
[Black "Dyboff, Virginie"]
[Result "1-0"]
[WhiteElo "1610"]
[BlackElo "1370"]
[PlyCount "57"]
[EventDate "2004.10.25"]
[EventType "swiss"]
[EventRounds "9"]
[EventCountry "FRA"]
[SourceTitle "EXT 2006"]
[Source "ChessBase"]
[SourceDate "2005.11.24"]
[SourceVersion "1"]
[SourceVersionDate "2005.11.24"]
[SourceQuality "1"]

1. d4 d5 2. Nf3 Nc6 3. Bf4 Bf5 4. e3 a6 5. Bd3 Bxd3 6. Qxd3 e6 7. 0-0 Nf6 8. Nbd2 Bd6 9. Rfe1 0-0 10. c3 a5 11. Rac1 Re8 12. Bg5 h6 13. Bh4 e5 14. e4 exd4 15. cxd4 Be7 16. e5 Nh7 17. Bxe7 Qxe7 18. Re3 Ng5 19. Rce1 Ne6 20. a3 a4 21. g3 g6 22. Nb1 Rab8 23. Nc3 Ra8 24. Nxd5 Qd8 25. Nf6+ Kf8 26. Nxe8 Qxe8 27. d5 Nc5 28. Qc4 Nxe5 29. Qxc5+ 1-0